Vista normal Vista MARC

Entrada Materia (personas)

Número de registros utilizados en: 2

001 - CONTROL NUMBER

  • control field: 38557

003 - CONTROL NUMBER IDENTIFIER

  • control field: Co-BoUCM

005 - DATE AND TIME OF LATEST TRANSACTION

  • control field: 20130529131440.0

008 - FIXED-LENGTH DATA ELEMENTS

  • fixed length control field: 130529|| aca||aabn | a|a d

040 ## - CATALOGING SOURCE

  • Original cataloging agency: Co-BoUCM
  • Transcribing agency: Co-BoUCM

100 ## - HEADING--PERSONAL NAME

  • Personal name: Baudry-Lacantinerie, G.
  • Fuller form of name: (Gabriel),
  • Dates associated with a name: 1837-1913.

670 ## - SOURCE DATA FOUND

  • Source citation: Work cat.: (Co-BoUCM)0: Baudry-Lacantinerie, G. (Gabriel), 1837-1913., Précis de droit civil,, 1922